Maternidad subrogada /

Guardado en:
Autor Principal: Chiapero, Silvina María
Otros Autores: Palmero, Juan Carlos, (prol.)
Formato: Libro
Idioma:Spanish
Publicado: Buenos Aires : Astrea, 2012
Edición:1a. ed.
Materias:
Etiquetas: Agregar Etiqueta
Sin Etiquetas, Sea el primero en etiquetar este registro!
LEADER 00752nam a22001815a 4500
001 DER.der012290
008 180615s2012####ag#||||||||||||||#||spa||
005 20251201093700.0
245 1 0 |a Maternidad subrogada /  |c Silvina María Chiapero ; prólogo de Juan Carlos Palmero. 
250 |a 1a. ed. 
260 |a Buenos Aires :  |b Astrea,  |c 2012 
300 |a 208 p. 
505 0 |a Esterilidad. Derecho a la procreación. Nuevas técnicas. Protección del embrión extracorpóreo. El contrato de gestación por otro. Efectos de la nulidad. Presunción derivada del hecho del parto 
020 |a 9789505089826 
100 1 |a Chiapero, Silvina María 
700 1 |a Palmero, Juan Carlos,  |e prol. 
650 7 |a DERECHO DE FAMILIA 
859 |a DERECHO  |b BIB. DERECHO  |h 346.015  |i CHI  |p 007069